1789 1904 1237 1966 1516 1190 1626 1136 1207 1119 1895 1937 1144 1535 1304 1412 1835 1502 1445 1264 1062 1679 1507 1881 1175 1821 1122 1345 1572 1406 1523 1970 1134 1430 1939 1541 1149 1690 1035 1370 1570 1281 1948 1959 1506 1396 1183 1387 1837 1898 1511 1777 1658 1316 1037 1904 1876 1301 1811 1343 1624 1347 1103 1124 1551 1717 1460 1723 1961 1812 1724 1607 1901 1423 1166 1029 1504 1597 1110 1548 1743 1724 1758 1321 1485 1717 1849 1809 1231 1461 1997 1188 1867 1108 1507 1638 1922 1453 1810 BCNSPRNW ULIB Ver.6.0+V

เปลี่ยนเป็นภาษาไทย

Change to English
 แสดงรายละเอียดบรรณานุกรม
  กลับหน้าหลัก

Brief Record : Get Marc (ISO 2709) : E-mail record : QR code < ปิดหน้าต่าง
LEADER : 00000nam 2200000uu 4500
001    13399121060
003     ULIB
008    121101s2551||||th 000 0 tha d
020    ^a9789743168253
050  4 ^aHF5549^bย126ก
100 0  ^aยงยุทธ เกษสาคร
245 10 ^aการพัฒนาบุคคลและการฝึกอบรม /^cยงยุทธ เกษสาคร
246 31 ^aPersonnel Development and Training
260    ^aกรุงเทพฯ :^bห้างหุ้นส่วน วี. เจ พริ้นติ้ง,^c2551
300    ^a276 หน้า
650  4 ^aการพัฒนากำลังคน
650  4 ^aการฝึกอบรม
945    ^p165^l0^i15180
995    ^aทศพร
999    ^aทศพร เกษรทอง
รายการนี้ยังไม่มีแท็ก
คุณยังไม่ได้ล็อกอิน คุณสามารถมีกิจกรรมร่วมกับเว็บไซต์ได้ แต่ต้องล็อกอินก่อน ::
  ล็อกอิน

รายการสื่อสารสนเทศ

ลำดับที่ ประเภท เลขเรียก/บาร์โค้ด สถานที่ สถานะ
1. วิทยาศาสตร์การแพทย์ และสุขภาพ
วิทยาศาสตร์การแพทย์ และสุขภาพ
HF5549 ย126ก ฉ.1 
  Barcode: 15180
ห้องสมุดวิทยาเขตสวรรค์ประชารักษ์
►หนังสือทั่วไป
บนชั้น

รายการใกล้เคียง
    ผู้แต่ง [ยงยุทธ เกษสาคร]

    หัวเรื่อง [การพัฒนากำลังคน]
    หัวเรื่อง [การฝึกอบรม]

BibComment


ยังไม่เคยถูกคอมเมนท์

คอมเมนท์ทรัพยากรรายการนี้
  คอมเมนท์: การพัฒนาบุคคลและ..


 Copyright 2026. Bcnsprnw @Library